5HLuxD.jpg

KING HENRY VIII SENIOR AND PRIMARY SCHOOL LIBRARY OPAC

IN THE SKY (Record no. 4732)

000 -LEADER
fixed length control field 00380nam a22001217a 4500
008 - FIXED-LENGTH DATA ELEMENTS--GENERAL INFORMATION
fixed length control field 250312b ||||| |||| 00| 0 eng d
020 ## - INTERNATIONAL STANDARD BOOK NUMBER
International Standard Book Number 9781848579408
082 ## - DEWEY DECIMAL CLASSIFICATION NUMBER
Classification number 600 EVA
100 ## - MAIN ENTRY--PERSONAL NAME
Personal name EVANS,HARRIET
Relator term AUTHOR
245 ## - TITLE STATEMENT
Title IN THE SKY
Remainder of title DESIGNS INSPIRED BY NATURE
260 ## - PUBLICATION, DISTRIBUTION, ETC.
Place of publication, distribution, etc. 1 CODA STUDIOS,MUNSTER ROAD,LONDON SW6 6AW
Name of publisher, distributor, etc. LITTLE TIGER GROUP.CATERPILLAR BOOKS LTD
Date of publication, distribution, etc. 2020
942 ## - ADDED ENTRY ELEMENTS (KOHA)
Source of classification or shelving scheme
Holdings
Withdrawn status Lost status Source of classification or shelving scheme Damaged status Not for loan Collection code Permanent Location Current Location Shelving location Date acquired Total Checkouts Full call number Barcode Date last seen Date last checked out Price effective from Koha item type Public note
          Non-Fiction KH8 Primary School Library KH8 Primary School Library Non Fiction 2025-03-12 3 600 EVA KHPL000006549 2026-03-13 2026-02-03 2025-03-12 Books - Non Ficton KH8 PRIMARY LIBRARY

Powered By KH8 IT Dept